[Event "Monarch Assurance Isle of Man 12th"]
[Site "Port Erin IOM"]
[Date "2003.10.04"]
[Round "8.34"]
[White "Ashton, Adam"]
[Black "McPhillips, Karl"]
[Result "1/2-1/2"]
[WhiteElo "2234"]
[BlackElo "1918"]
[PlyCount "200"]
[EventDate "2003.09.27"]
[EventType "swiss"]
[EventRounds "9"]
[EventCountry "IOM"]
[SourceTitle "BritBase"]
[SourceDate "2008.07.14"]
[SourceVersion "1"]
[SourceVersionDate "2008.07.14"]
[SourceQuality "2"]

1. e4 c5 2. Nf3 Nc6 3. Bb5 g6 4. O-O Bg7 5. Nc3 d6 6. e5 dxe5 7. Bxc6+ bxc6 8.
Re1 f6 9. d3 Nh6 10. Be3 Nf7 11. Bxc5 f5 12. Nd2 O-O 13. f4 Re8 14. fxe5 Bxe5
15. Nf3 Bd6 16. Bxd6 Qxd6 17. d4 Be6 18. Qe2 Bd5 19. Nxd5 cxd5 20. b3 g5 21.
Qd2 h6 22. Ne5 Rac8 23. Nxf7 Kxf7 24. Qd3 e6 25. c4 dxc4 26. bxc4 Kg6 27. Rac1
Red8 28. Red1 Rc7 29. Qe3 Rdc8 30. c5 Qd5 31. Re1 Rc6 32. Rc2 Rd8 33. Rd2 Kf7
34. Qh3 Kg6 35. Qe3 Kf7 36. Qe2 Rc7 37. Qh5+ Kg7 38. Qe2 Re8 39. Qd3 Rd8 40.
Qe2 Kf7 41. Kh1 Re7 42. Qf2 Qc6 43. h3 Kg6 44. Re5 Rd5 45. Rde2 Rxe5 46. Rxe5
Rd7 47. Qe2 Kf6 48. Qc4 Rd5 49. Re3 e5 50. dxe5+ Rxe5 51. Rxe5 Kxe5 52. Qc3+
Kd5 53. Qf3+ Kxc5 54. Qf2+ Kb5 55. Qxa7 Qc1+ 56. Qg1 Qc2 57. Qf1+ Kb4 58. Kg1
Qxa2 59. Qxf5 Kc3 60. Qf6+ Kd3 61. Kh2 Qe2 62. Qd6+ Kc3 63. Qc6+ Kd4 64. Qd6+
Kc3 65. Qc5+ Kd3 66. Qd5+ Ke3 67. Qe5+ Kf2 68. Qf6+ Ke1 69. Qxh6 Qe5+ 70. Kh1
Qf4 71. Qe6+ Kf2 72. Qa2+ Kg3 73. Qb3+ Kh4 74. Qd1 g4 75. hxg4 Qxg4 76. Qe1+
Qg3 77. Qe4+ Qg4 78. Qe1+ Qg3 79. Qf1 Kg4 80. Qe2+ Kh4 81. Kg1 Qa3 82. Qe4+ Kg5
83. Qe5+ Kg4 84. Kh2 Qd3 85. Qe6+ Kh4 86. Qe7+ Kg4 87. Qb4+ Kg5 88. Qe7+ Kh5
89. Qg7 Qd6+ 90. Kh3 Qd3+ 91. Kh2 Qd6+ 92. Kg1 Qd1+ 93. Kf2 Qd2+ 94. Kf3 Qd3+
95. Kf4 Qf1+ 96. Kg3 Qd3+ 97. Kh2 Qd6+ 98. Kh3 Qd3+ 99. Qg3 Qxg3+ 100. Kxg3 Kg5
1/2-1/2

[Event "Monarch Assurance Isle of Man 12th"]
[Site "Port Erin IOM"]
[Date "2003.10.04"]
[Round "8.35"]
[White "Goodger, Martyn"]
[Black "Hughes, Howard"]
[Result "0-1"]
[WhiteElo "2114"]
[BlackElo "2215"]
[PlyCount "160"]
[EventDate "2003.09.27"]
[EventType "swiss"]
[EventRounds "9"]
[EventCountry "IOM"]
[SourceTitle "BritBase"]
[SourceDate "2008.07.14"]
[SourceVersion "1"]
[SourceVersionDate "2008.07.14"]
[SourceQuality "2"]

1. e4 d5 2. exd5 Qxd5 3. Nc3 Qa5 4. d4 Nf6 5. Nf3 c6 6. Bd2 Bf5 7. Bc4 Nbd7 8.
Qe2 Qc7 9. O-O-O e6 10. Nh4 Bg6 11. h3 Bb4 12. Nxg6 hxg6 13. Rhe1 Nb6 14. Bb3
O-O-O 15. a3 Bxc3 16. Bxc3 Nbd5 17. Bd2 Nf4 18. Bxf4 Qxf4+ 19. Qe3 Nd5 20. Bxd5
Qxe3+ 21. Rxe3 cxd5 22. Rf3 {(=)} f6 23. Re1 Kd7 24. Rfe3 Rde8 25. Kd2 Kd6 26.
Rg3 g5 27. Ree3 Rh4 28. c3 Re7 29. Kd3 Rh8 30. Re1 Rc8 31. Re2 Rc6 32. Kd2 a5
33. b3 a4 34. b4 b5 35. Rg4 Rc8 36. Rg3 Kd7 37. Kd3 Ke8 38. Kd2 Kf7 39. Rg4 Rh8
40. Rg3 Rh4 41. Kd3 Re8 42. Kd2 Kg6 43. Rge3 Kf7 44. Rg3 Rh5 45. Rge3 Rh6 46.
Rg3 Rg6 47. Rge3 f5 48. f3 Rh8 49. Rf2 Ke7 50. Ree2 Rh4 51. Kd3 g4 52. hxg4
fxg4 53. fxg4 Rhxg4 54. Kc2 Rf6 55. Rd2 Kf7 56. Rde2 Rg3 57. Kd2 Ke7 58. Kc2
Rh6 59. Re1 Rhg6 60. Ree2 R6g5 61. Kd2 Rh5 62. Kc2 Rh1 63. Rd2 Rg1 64. Rde2 g6
65. Rd2 Rg5 66. Rfe2 Kf6 67. Rf2+ Rf5 68. Rde2 g5 69. Rd2 g4 70. Rfe2 Ra1 71.
Kb2 Raf1 72. Re3 R5f2 73. Kc2 Rxd2+ 74. Kxd2 Ra1 75. Kc2 Ra2+ 76. Kd1 Rxg2 77.
c4 dxc4 78. Re5 Ra2 79. Rxb5 g3 80. Rb8 g2 0-1

[Event "Monarch Assurance Isle of Man 12th"]
[Site "Port Erin IOM"]
[Date "2003.10.04"]
[Round "8.36"]
[White "Braunlich, Tom"]
[Black "Thompson, Ian D"]
[Result "0-1"]
[WhiteElo "2135"]
[BlackElo "2290"]
[PlyCount "80"]
[EventDate "2003.09.27"]
[EventType "swiss"]
[EventRounds "9"]
[EventCountry "IOM"]
[SourceTitle "BritBase"]
[SourceDate "2008.07.14"]
[SourceVersion "1"]
[SourceVersionDate "2008.07.14"]
[SourceQuality "2"]

1. d4 e6 2. c4 b6 3. e4 Bb7 4. Qc2 Qh4 5. Nd2 Nc6 6. Ngf3 Qe7 7. a3 g6 8. b4
Bg7 9. Bb2 f5 10. Bd3 fxe4 11. Nxe4 d5 12. Ned2 dxc4 13. Qxc4 O-O-O 14. O-O Qd7
15. Be4 Nf6 16. Ne5 Nxe5 17. Bxb7+ Kxb7 18. dxe5 Qxd2 19. exf6 Qxb2 20. fxg7
Qxg7 21. Qxe6 Rhe8 22. Qb3 Rd4 23. Rad1 Red8 24. Qf3+ Kb8 25. Rxd4 Qxd4 26. g3
Qd3 27. Qf7 Qxa3 28. Qxh7 Qxb4 29. Qxg6 a5 30. h4 a4 31. h5 Qd4 32. Rc1 Rf8 33.
Rc2 Qd1+ 34. Kh2 Qf3 35. h6 Qf6 36. Qe4 Qxh6+ 37. Kg2 Rh8 38. Kf3 Qh5+ 39. g4
Qh1+ 40. Kf4 Rf8+ 0-1

[Event "Monarch Assurance Isle of Man 12th"]
[Site "Port Erin IOM"]
[Date "2003.10.04"]
[Round "8.37"]
[White "Kovachev, Daniel"]
[Black "Spence, David J"]
[Result "1/2-1/2"]
[WhiteElo "2066"]
[BlackElo "2187"]
[PlyCount "82"]
[EventDate "2003.09.27"]
[EventType "swiss"]
[EventRounds "9"]
[EventCountry "IOM"]
[SourceTitle "BritBase"]
[SourceDate "2008.07.14"]
[SourceVersion "1"]
[SourceVersionDate "2008.07.14"]
[SourceQuality "2"]

1. e4 e6 2. d4 d5 3. Nc3 Bb4 4. e5 c5 5. a3 Ba5 6. b4 cxd4 7. Nb5 Bc7 8. f4 Bd7
9. Nxd4 Ne7 10. Bd3 Nbc6 11. Ngf3 Nxd4 12. Nxd4 Bb6 13. Be3 Qc7 14. Qd2 O-O 15.
O-O Rac8 16. Qf2 f6 17. Nf3 Bxe3 18. Qxe3 Qb6 19. Rfe1 Qxe3+ 20. Rxe3 fxe5 21.
fxe5 h6 22. b5 Rf4 23. a4 Be8 24. Kf2 Bg6 25. Ke2 Bxd3+ 26. Kxd3 Nf5 27. Ree1
Rcc4 28. c3 Kf7 29. Ra2 Ke7 30. Nd2 Rc8 31. Rf1 Rh4 32. Nf3 Re4 33. Re1 Rec4
34. Ra3 g5 35. Re2 Rf4 36. Nd2 Ng7 37. g3 Rff8 38. Ra1 g4 39. Rae1 Rf5 40. Re3
Rcf8 41. R3e2 Kd7 1/2-1/2

[Event "Monarch Assurance Isle of Man 12th"]
[Site "Port Erin IOM"]
[Date "2003.10.04"]
[Round "8.38"]
[White "Shepherd, Michael"]
[Black "Shaw, David A"]
[Result "0-1"]
[WhiteElo "2037"]
[BlackElo "2183"]
[PlyCount "62"]
[EventDate "2003.09.27"]
[EventType "swiss"]
[EventRounds "9"]
[EventCountry "IOM"]
[SourceTitle "BritBase"]
[SourceDate "2008.07.14"]
[SourceVersion "1"]
[SourceVersionDate "2008.07.14"]
[SourceQuality "2"]

1. Nf3 d5 2. b3 Nf6 3. Bb2 g6 4. e3 Bg7 5. Be2 O-O 6. O-O c6 7. d4 Ne4 8. c4 e6
9. Nc3 f5 10. Qc2 Nd7 11. b4 g5 12. b5 Rf6 13. bxc6 bxc6 14. cxd5 exd5 15. Nxe4
fxe4 16. Nd2 Rh6 17. f3 g4 18. fxe4 Qh4 19. exd5 Qxh2+ 20. Kf2 Qh4+ 21. g3 Qh2+
22. Ke1 Qxg3+ 23. Kd1 cxd5 24. Qb3 Nb6 25. Ne4 Qg2 26. Nc5 Rh2 27. Re1 g3 28.
Rc1 Bg4 29. Rc2 Qh3 30. e4 Rh1 31. exd5 g2 0-1

[Event "Monarch Assurance Isle of Man 12th"]
[Site "Port Erin IOM"]
[Date "2003.10.04"]
[Round "8.39"]
[White "Lutton, E Josiah"]
[Black "Walton, Alan J"]
[Result "0-1"]
[WhiteElo "2031"]
[BlackElo "2158"]
[PlyCount "90"]
[EventDate "2003.09.27"]
[EventType "swiss"]
[EventRounds "9"]
[EventCountry "IOM"]
[SourceTitle "BritBase"]
[SourceDate "2008.07.14"]
[SourceVersion "1"]
[SourceVersionDate "2008.07.14"]
[SourceQuality "2"]

1. e4 e6 2. Nc3 d5 3. d4 Nf6 4. Bg5 Be7 5. e5 Nfd7 6. Bxe7 Qxe7 7. f4 O-O 8.
Nf3 c5 9. Qd2 Nc6 10. Ne2 f6 11. c3 b5 12. Ng3 b4 13. Bd3 bxc3 14. bxc3 cxd4
15. cxd4 Qb4 16. Rb1 Qxd2+ 17. Kxd2 fxe5 18. fxe5 Nb6 19. Rhc1 Na5 20. Rc7
Nac4+ 21. Ke2 h6 22. Bg6 Ba6 23. Kf2 Nd2 24. Rb4 Kh8 25. Nh5 Ne4+ 26. Ke3 Rac8
27. Rxc8 Rxc8 28. Bxe4 dxe4 29. Kxe4 Rc2 30. Nf4 Rxa2 31. Nxe6 Re2+ 32. Kf5
Bd3+ 33. Kg4 Rxg2+ 34. Kh3 Rg6 35. d5 Bf5+ 36. Kh4 Bxe6 37. dxe6 Rxe6 38. Kg4
Kg8 39. Rb5 Rc6 40. Ra5 Nc8 41. Kf5 Ne7+ 42. Ke4 Rc4+ 43. Kd3 Rc7 44. Nd4 Rd7
45. Ke4 Rxd4+ 0-1

[Event "Monarch Assurance Isle of Man 12th"]
[Site "Port Erin IOM"]
[Date "2003.10.04"]
[Round "8.40"]
[White "Murtagh, Dermot"]
[Black "May, F WLS."]
[Result "1/2-1/2"]
[WhiteElo "1798"]
[BlackElo "2153"]
[PlyCount "118"]
[EventDate "2003.09.27"]
[EventType "swiss"]
[EventRounds "9"]
[EventCountry "IOM"]
[SourceTitle "BritBase"]
[SourceDate "2008.07.14"]
[SourceVersion "1"]
[SourceVersionDate "2008.07.14"]
[SourceQuality "2"]

1. e4 c6 2. d4 d5 3. exd5 cxd5 4. Bd3 Nc6 5. c3 Nf6 6. Bf4 g6 7. Nf3 Bg7 8. O-O
O-O 9. Re1 Bg4 10. Nbd2 Qd7 11. h3 Bf5 12. Qe2 Bxd3 13. Qxd3 Nh5 14. Bh2 Rad8
15. Ne5 Bxe5 16. Bxe5 Nxe5 17. Rxe5 Nf6 18. Rae1 e6 19. h4 Kg7 20. Qg3 Qd6 21.
h5 Rde8 22. Qh4 Nd7 23. Nf3 f6 24. R5e2 Rf7 25. Nh2 Rfe7 26. Ng4 g5 27. Qh3 Qf4
28. Ne3 Kf7 29. Ng4 Qd6 30. Re3 Kg7 31. Qg3 Qxg3 32. Rxg3 f5 33. Ne5 Nxe5 34.
Rxe5 Kh6 35. b3 Kxh5 36. c4 Rg8 37. c5 Kg6 38. b4 a6 39. Rge3 Rge8 40. a4 h5
41. b5 a5 42. Rc3 Kf6 43. b6 Rc8 44. Rb3 Ree8 45. Rb5 Ra8 46. c6 bxc6 47. Rc5
Rab8 48. Rxc6 Rb7 49. Rxd5 Rc8 50. Rxf5+ Kxf5 51. Rxc8 Rxb6 52. Rc5+ Kf4 53.
Rxa5 Rd6 54. g3+ Kf3 55. Rxg5 Rxd4 56. Rxh5 Rxa4 57. Re5 Ra1+ 58. Kh2 Kxf2 59.
Rxe6 Kf3 1/2-1/2

[Event "Monarch Assurance Isle of Man 12th"]
[Site "Port Erin IOM"]
[Date "2003.10.04"]
[Round "8.41"]
[White "Tagnon, Nicole"]
[Black "Gruettner, Ralf"]
[Result "1-0"]
[WhiteElo "2071"]
[BlackElo "2073"]
[PlyCount "127"]
[EventDate "2003.09.27"]
[EventType "swiss"]
[EventRounds "9"]
[EventCountry "IOM"]
[SourceTitle "BritBase"]
[SourceDate "2008.07.14"]
[SourceVersion "1"]
[SourceVersionDate "2008.07.14"]
[SourceQuality "2"]

1. e4 Nf6 2. e5 Nd5 3. d4 d6 4. Bc4 Nb6 5. Bb3 dxe5 6. Qh5 e6 7. dxe5 c5 8. Nd2
Nc6 9. Ngf3 g6 10. Qg4 Bg7 11. Qe4 Qc7 12. Nc4 Nxc4 13. Bxc4 b5 14. Be2 Bb7 15.
O-O O-O 16. Qh4 a6 17. Bh6 Nxe5 18. Ng5 f6 19. Nh3 Qc6 20. f3 Rad8 21. Bxg7
Kxg7 22. Rad1 Nf7 23. Bd3 c4 24. Be4 Qb6+ 25. Kh1 Bxe4 26. Qxe4 e5 27. Qe2 Rxd1
28. Rxd1 Rd8 29. Rxd8 Qxd8 30. Nf2 Qd4 31. c3 Qd5 32. h3 h5 33. Kg1 f5 34. Qe3
Kf6 35. h4 Ke6 36. Qb6+ Qd6 37. Qe3 Qc6 38. Nh3 Kf6 39. Ng5 Nxg5 40. Qxg5+ Kf7
41. Qe3 Qd6 42. Qa7+ Ke6 43. Qg7 Kd5 44. Qb7+ Kc5 45. Qa7+ Qb6 46. Qe7+ Kd5+
47. Kh1 e4 48. fxe4+ fxe4 49. Qg5+ Kd6 50. Qxg6+ Kc7 51. Qxb6+ Kxb6 52. g4 hxg4
53. h5 Kc5 54. Kg2 Kd5 55. h6 e3 56. h7 Ke4 57. h8=Q Kd3 58. Qd4+ Kc2 59. Qxe3
Kxb2 60. Qd2+ Ka3 61. Kg3 a5 62. Qd8 Kxa2 63. Qxa5+ Kb2 64. Kxg4 1-0

[Event "Monarch Assurance Isle of Man 12th"]
[Site "Port Erin IOM"]
[Date "2003.10.04"]
[Round "8.42"]
[White "Van Kemenade, Rudy"]
[Black "Young, Mel"]
[Result "1/2-1/2"]
[WhiteElo "2140"]
[BlackElo "2005"]
[PlyCount "139"]
[EventDate "2003.09.27"]
[EventType "swiss"]
[EventRounds "9"]
[EventCountry "IOM"]
[SourceTitle "BritBase"]
[SourceDate "2008.07.14"]
[SourceVersion "1"]
[SourceVersionDate "2008.07.14"]
[SourceQuality "2"]

1. d4 f5 2. Nc3 Nf6 3. Bg5 Nc6 4. d5 Ne5 5. Qd4 Nf7 6. Bxf6 exf6 7. O-O-O a6 8.
e4 Bd6 9. exf5 O-O 10. f4 Qe7 11. g3 Re8 12. Nf3 Bc5 13. Qd3 Qe3+ 14. Kb1 Qxd3
15. Bxd3 b5 16. Ne4 Bb6 17. Rhe1 Bb7 18. c4 bxc4 19. Bxc4 d6 20. g4 Nh6 21. h3
Kf7 22. Nd4 Bxd4 23. Rxd4 Re7 24. Rd2 Kf8 25. Rde2 Rae8 26. Nc3 Nf7 27. Rxe7
Rxe7 28. Rxe7 Kxe7 29. Ne2 h5 30. Nd4 hxg4 31. hxg4 Nh6 32. g5 fxg5 33. fxg5
Nf7 34. Ne6 Ne5 35. Bb3 Nf3 36. Kc2 c6 37. dxc6 Bxc6 38. Kd3 Bd7 39. Nxg7 Nxg5
40. Kd4 Kf6 41. Nh5+ Kxf5 42. Bc2+ Ke6 43. Nf4+ Ke7 44. Nd5+ Kd8 45. Kc3 Ne6 {
(=)} 46. Kb4 Nd4 47. Bd3 Nc6+ 48. Kc3 Bc8 49. Nb4 Nb8 50. Be4 Nd7 51. Kd4 Nc5
52. Bf3 Ne6+ 53. Kc4 Nc5 54. Nd5 Be6 55. b3 Nd7 56. Kb4 Ne5 57. Nf4 Bxb3 58.
Kxb3 Nxf3 59. Ka4 Kc8 60. Ka5 Kb7 61. Ne6 Ne5 62. Nd8+ Ka7 63. a4 d5 64. Kb4 d4
65. Ne6 d3 66. Kc3 Kb6 67. Nf4 Ka5 68. Nxd3 Nxd3 69. Kxd3 Kxa4 70. Kc2 1/2-1/2

[Event "Monarch Assurance Isle of Man 12th"]
[Site "Port Erin IOM"]
[Date "2003.10.04"]
[Round "8.43"]
[White "Adams, Phil"]
[Black "Loughran, John"]
[Result "1-0"]
[WhiteElo "2115"]
[BlackElo "1830"]
[PlyCount "81"]
[EventDate "2003.09.27"]
[EventType "swiss"]
[EventRounds "9"]
[EventCountry "IOM"]
[SourceTitle "BritBase"]
[SourceDate "2008.07.14"]
[SourceVersion "1"]
[SourceVersionDate "2008.07.14"]
[SourceQuality "2"]

1. e4 c5 2. Nc3 e6 3. Nf3 d5 4. exd5 exd5 5. Bb5+ Bd7 6. Qe2+ Be7 7. Nxd5 Nc6
8. O-O a6 9. Bxc6 Bxc6 10. Nxe7 Qxe7 11. Re1 Qxe2 12. Rxe2+ Kf8 13. d3 Nf6 14.
Bf4 Rd8 15. Bc7 Bxf3 16. gxf3 Rd7 17. Be5 Nd5 18. Rae1 f6 19. Bd6+ Kf7 20. Bxc5
Rc8 21. d4 b6 22. Ba3 Nf4 23. Re7+ Rxe7 24. Rxe7+ Kg6 25. c3 b5 26. Bd6 Nd3 27.
Ba3 a5 28. Re3 Nf4 29. Bd6 Nd5 30. Re2 b4 31. cxb4 axb4 32. h3 Ra8 33. a3 bxa3
34. bxa3 Ra4 35. Rd2 Nc3 36. Kg2 Kf5 37. d5 g5 38. Bb4 Nb5 39. d6 Ra8 40. d7
Rd8 41. Be7 1-0

[Event "Monarch Assurance Isle of Man 12th"]
[Site "Port Erin IOM"]
[Date "2003.10.04"]
[Round "8.44"]
[White "Spanton, Tim"]
[Black "Ormsby, Alan"]
[Result "1-0"]
[WhiteElo "2021"]
[BlackElo "1792"]
[PlyCount "185"]
[EventDate "2003.09.27"]
[EventType "swiss"]
[EventRounds "9"]
[EventCountry "IOM"]
[SourceTitle "BritBase"]
[SourceDate "2008.07.14"]
[SourceVersion "1"]
[SourceVersionDate "2008.07.14"]
[SourceQuality "2"]

1. d4 c6 2. e4 d5 3. Nc3 dxe4 4. f3 e3 5. Bxe3 Bf5 6. Nge2 h6 7. Ng3 Bh7 8. Bd3
Bxd3 9. Qxd3 e6 10. O-O-O Nf6 11. Rhe1 Be7 12. f4 Nd5 13. Nxd5 Qxd5 14. Kb1 Na6
15. c3 f5 16. Re2 b5 17. Rde1 Nc7 18. Bd2 g6 19. Nf1 h5 20. h3 O-O-O 21. Qg3
Rhg8 22. Nh2 Bf6 23. Qf3 Qd7 24. Be3 a5 25. Bd2 a4 26. Nf1 Qd5 27. Qf2 Kb7 28.
Ne3 Qd7 29. Nc2 Rde8 30. Nb4 Be7 31. Nd3 Bd6 32. Qf3 Nd5 33. Rf1 Nb6 34. Be1
Kc7 35. Bh4 Rgf8 36. Qg3 Qf7 37. Rfe1 Kb7 38. Qf3 Nd5 39. Rf2 Nb6 40. Rg1 Rh8
41. Re2 Nd5 42. Be1 Ra8 43. g3 Kc7 44. Bd2 Kb7 45. Reg2 Rag8 46. Qe2 Kc7 47.
Nf2 Nb6 48. g4 hxg4 49. hxg4 Kb7 50. Re1 Re8 51. Nd3 Nc4 52. g5 Nb6 {(=)} 53.
Rh2 Rxh2 54. Qxh2 Nd5 55. Rh1 Kc7 56. Kc2 Kd7 57. b3 axb3+ 58. axb3 Ra8 59. Rb1
Ra2+ 60. Rb2 Rxb2+ 61. Kxb2 Kc7 62. Qh8 Nb6 63. Ne1 Bf8 64. Ng2 Qg7 65. Qxg7+
Bxg7 66. Nh4 b4 67. Nxg6 bxc3+ 68. Bxc3 Nd5 69. Kc2 Kd6 70. Kd3 Kd7 71. Bd2 Kd6
72. Nh4 Kd7 73. Nf3 Kd6 74. Ne1 Nc7 75. Nc2 Nb5 76. Bb4+ Kd7 77. Bc5 Nc7 78.
Nb4 Nb5 79. Ke3 Nc3 80. Nc2 Ne4 81. b4 Nc3 82. Kf3 Ke8 83. Bd6 Kf7 84. Ke3 Nd5+
85. Kd3 Nb6 86. Ne3 Nd7 87. Nc4 Bf8 88. Bxf8 Kxf8 89. Ne5 Nb8 90. Kc4 Ke7 91.
Kc5 Na6+ 92. Kb6 Nxb4 93. Nxc6+ 1-0

[Event "Monarch Assurance Isle of Man 12th"]
[Site "Port Erin IOM"]
[Date "2003.10.04"]
[Round "8.45"]
[White "Fairbairn, Stephen"]
[Black "De Lange, Hans JG"]
[Result "1-0"]
[WhiteElo "2096"]
[BlackElo "1741"]
[PlyCount "49"]
[EventDate "2003.09.27"]
[EventType "swiss"]
[EventRounds "9"]
[EventCountry "IOM"]
[SourceTitle "BritBase"]
[SourceDate "2008.07.14"]
[SourceVersion "1"]
[SourceVersionDate "2008.07.14"]
[SourceQuality "2"]

1. d4 Nf6 2. c4 a6 3. g3 d5 4. cxd5 Nxd5 5. Bg2 e6 6. Nf3 c5 7. O-O cxd4 8.
Nxd4 Be7 9. Nc3 Nxc3 10. bxc3 O-O 11. Rb1 e5 12. Nf3 Qc7 13. Qc2 Nc6 14. Be3
Bf6 15. Bb6 Qe7 16. Nd2 Bg4 17. Nb3 Rac8 18. Bc5 Qc7 19. Bxf8 Kxf8 20. Nc5 Qe7
21. Nxb7 Nd4 22. Qd2 Nxe2+ 23. Kh1 Nxc3 24. Qd6 Qxd6 25. Nxd6 1-0

[Event "Monarch Assurance Isle of Man 12th"]
[Site "Port Erin IOM"]
[Date "2003.10.05"]
[Round "9.3"]
[White "Agdestein, Simen"]
[Black "Mikhalevski, Victor"]
[Result "1-0"]
[WhiteElo "2571"]
[BlackElo "2523"]
[PlyCount "77"]
[EventDate "2003.09.27"]
[EventType "swiss"]
[EventRounds "9"]
[EventCountry "IOM"]
[SourceTitle "BritBase"]
[SourceDate "2008.07.14"]
[SourceVersion "1"]
[SourceVersionDate "2008.07.14"]
[SourceQuality "2"]

1. c4 Nf6 2. Nc3 d5 3. cxd5 Nxd5 4. g3 g6 5. Bg2 Nxc3 6. bxc3 Bg7 7. Rb1 Nc6 8.
h4 h5 9. c4 O-O 10. d3 Nd4 11. e3 Nf5 12. Bb2 e5 13. Nf3 c6 14. O-O Qc7 15. Qc2
Bd7 16. Bc3 Rae8 17. c5 Bc8 18. Rfe1 Qe7 19. Qa4 Rd8 20. d4 exd4 21. exd4 Qd7
22. Rbd1 Rfe8 23. Ne5 Qc7 24. Qxa7 Be6 25. Rb1 Ra8 26. Qxb7 Qxb7 27. Rxb7 Bd5
28. Rb2 Ra3 29. Bxd5 cxd5 30. Rc2 Bxe5 31. Rxe5 Rxe5 32. dxe5 d4 33. Bb4 Ra8
34. c6 Rc8 35. Kf1 Ng7 36. Ke2 Ne6 37. Bd6 Kg7 38. c7 f6 39. Rb2 1-0

[Event "Monarch Assurance Isle of Man 12th"]
[Site "Port Erin IOM"]
[Date "2003.10.05"]
[Round "9.4"]
[White "Hebden, Mark"]
[Black "Sulskis, Sarunas"]
[Result "0-1"]
[WhiteElo "2544"]
[BlackElo "2593"]
[PlyCount "86"]
[EventDate "2003.09.27"]
[EventType "swiss"]
[EventRounds "9"]
[EventCountry "IOM"]
[SourceTitle "BritBase"]
[SourceDate "2008.07.14"]
[SourceVersion "1"]
[SourceVersionDate "2008.07.14"]
[SourceQuality "2"]

1. d4 Nf6 2. Nf3 c5 3. d5 b5 4. Bg5 Qb6 5. Bxf6 Qxf6 6. c3 Na6 7. e4 Rb8 8.
Nbd2 g5 9. Bd3 g4 10. Ng1 h5 11. a4 c4 12. Bc2 b4 13. Ne2 bxc3 14. bxc3 Bg7 15.
O-O O-O 16. f3 d6 17. fxg4 Qh6 18. gxh5 Bg4 19. Nf3 Nc5 20. h3 Bxh5 21. Ng3 Bg6
22. Qe1 Rb2 23. Rf2 Qh8 24. Qe3 Bxc3 25. e5 Rxc2 26. Rxc2 Bxa1 27. Rxc4 Nd3 28.
e6 Ne5 29. exf7+ Rxf7 30. Rc8+ Rf8 31. Rxf8+ Kxf8 32. Ng5 Qh4 33. Ne6+ Kg8 34.
Ne2 Nc4 35. Qc1 Bb2 36. Qf1 Bf7 37. N2f4 Ne3 38. Qb1 Qf6 39. Qe4 Nf5 40. Qc4
Qc3 41. Qb5 Qe1+ 42. Kh2 Qg3+ 43. Kh1 Be5 0-1

[Event "Monarch Assurance Isle of Man 12th"]
[Site "Port Erin IOM"]
[Date "2003.10.05"]
[Round "9.5"]
[White "Korneev, Oleg"]
[Black "Kogan, Artur"]
[Result "1-0"]
[WhiteElo "2561"]
[BlackElo "2534"]
[PlyCount "75"]
[EventDate "2003.09.27"]
[EventType "swiss"]
[EventRounds "9"]
[EventCountry "IOM"]
[SourceTitle "BritBase"]
[SourceDate "2008.07.14"]
[SourceVersion "1"]
[SourceVersionDate "2008.07.14"]
[SourceQuality "2"]

1. e4 d5 2. exd5 Qxd5 3. Nc3 Qa5 4. d4 c6 5. Nf3 Bf5 6. Bd2 Nd7 7. Bc4 e6 8.
Qe2 Bb4 9. a3 Ne7 10. O-O Bxc3 11. Bxc3 Qc7 12. Nh4 Nb6 13. d5 Qf4 14. Nxf5
Nxf5 15. Bd3 Nxd5 16. Be5 Qg5 17. f4 Qg6 18. g4 Nde3 19. Bxf5 Nxf5 20. Kh1 Nh6
21. Rg1 O-O-O 22. b4 f6 23. Bc3 Rhe8 24. Rae1 e5 25. fxe5 fxe5 26. Qe4 Qxe4+
27. Rxe4 Nf7 28. h4 Rd5 29. Rge1 b5 30. Kg2 g6 31. R1e2 Nd6 32. R4e3 e4 33. Kg3
Rf8 34. Bg7 Rf1 35. Bh6 Rg1+ 36. Kf4 Rf1+ 37. Kg3 Rg1+ 38. Kf4 {both
scoresheets illegible... 64 moves} 1-0

[Event "Monarch Assurance Isle of Man 12th"]
[Site "Port Erin IOM"]
[Date "2003.10.05"]
[Round "9.6"]
[White "Arkell, Keith"]
[Black "Moreno Carnero, Javier"]
[Result "1/2-1/2"]
[WhiteElo "2513"]
[BlackElo "2512"]
[PlyCount "126"]
[EventDate "2003.09.27"]
[EventType "swiss"]
[EventRounds "9"]
[EventCountry "IOM"]
[SourceTitle "BritBase"]
[SourceDate "2008.07.14"]
[SourceVersion "1"]
[SourceVersionDate "2008.07.14"]
[SourceQuality "2"]

1. d4 g6 2. Nf3 Bg7 3. g3 Nf6 4. Bg2 O-O 5. O-O d6 6. c4 Nbd7 7. d5 Nb6 8. Na3
e6 9. dxe6 Bxe6 10. Nd4 Bc8 11. e4 Re8 12. Re1 c6 13. Rb1 Ng4 14. h3 Qf6 15.
hxg4 Qxd4 16. Qxd4 Bxd4 17. g5 a5 18. b3 Be6 19. Nc2 Bc5 {(=)} 20. Be3 a4 21.
Rec1 axb3 22. axb3 Nd7 23. b4 Bxe3 24. Nxe3 Ra3 25. Rd1 Ne5 26. Rxd6 Bxc4 27.
Nxc4 Nxc4 28. Rd7 Rb8 29. b5 cxb5 30. Rxb5 Ra5 31. Rxa5 Nxa5 32. e5 Nc6 33. f4
Nd8 34. Bd5 b5 35. Kf2 b4 36. Ke2 b3 37. Bxb3 Rxb3 38. Rxd8+ Kg7 39. Rd3 Rb7
40. Kf3 h6 41. gxh6+ Kxh6 42. Kg4 Ra7 43. Rd6 Kg7 44. Kg5 Ra5 45. Rd7 Rb5 46.
g4 Ra5 47. Kh4 Kf8 48. Rd8+ Kg7 49. Rd7 Kf8 50. Rd3 Kg7 51. Re3 Ra4 52. Kg3 Kh6
53. Kf3 Rb4 54. Rd3 Rb7 55. Ke4 Ra7 56. f5 Kg5 57. f6 Kxg4 58. e6 fxe6 59. Ke5
g5 60. Kxe6 Kf4 61. Rd7 Ra6+ 62. Ke7 g4 63. f7 Ra8 1/2-1/2

[Event "Monarch Assurance Isle of Man 12th"]
[Site "Port Erin IOM"]
[Date "2003.10.05"]
[Round "9.7"]
[White "Barsov, Alexei"]
[Black "Motwani, Paul"]
[Result "0-1"]
[WhiteElo "2526"]
[BlackElo "2525"]
[PlyCount "68"]
[EventDate "2003.09.27"]
[EventType "swiss"]
[EventRounds "9"]
[EventCountry "IOM"]
[SourceTitle "BritBase"]
[SourceDate "2008.07.14"]
[SourceVersion "1"]
[SourceVersionDate "2008.07.14"]
[SourceQuality "2"]

1. d4 d5 2. c4 e6 3. Nc3 c6 4. e4 Bb4 5. cxd5 exd5 6. e5 Bf5 7. Nge2 Ne7 8. a3
Ba5 9. Ng3 Nd7 10. Nxf5 Nxf5 11. Qg4 g6 12. Bd3 h5 13. Qf4 Ng7 14. O-O Ne6 15.
Qg3 Bb6 16. Ne2 Qe7 17. Be3 c5 18. dxc5 h4 19. Qf3 Nxe5 20. Bb5+ Kf8 21. Qxd5
Bc7 22. Nf4 Nxf4 23. Bxf4 Qf6 24. Bxe5 Bxe5 25. Rae1 Bd4 26. Qxb7 Kg7 27. b4 a5
28. Qc6 Qg5 29. Bc4 axb4 30. axb4 Rab8 31. Qd7 Rbf8 32. Re6 Qf4 33. Rd6 Be5 34.
g3 Qxc4 0-1

[Event "Monarch Assurance Isle of Man 12th"]
[Site "Port Erin IOM"]
[Date "2003.10.05"]
[Round "9.8"]
[White "Wells, Peter K"]
[Black "Epishin, Vladimir"]
[Result "0-1"]
[WhiteElo "2481"]
[BlackElo "2642"]
[PlyCount "79"]
[EventDate "2003.09.27"]
[EventType "swiss"]
[EventRounds "9"]
[EventCountry "IOM"]
[SourceTitle "BritBase"]
[SourceDate "2008.07.14"]
[SourceVersion "1"]
[SourceVersionDate "2008.07.14"]
[SourceQuality "2"]

1. d4 Nf6 2. c4 e6 3. Nc3 Bb4 4. e3 c5 5. Nge2 b6 6. a3 Ba5 7. Rb1 Na6 8. Qa4
Bxc3+ 9. Nxc3 O-O 10. Be2 Bb7 11. O-O Ne4 12. Nxe4 {(=)} Bxe4 13. Ra1 Nc7 14.
dxc5 Bc6 15. Qd1 Qg5 16. e4 Qxc5 17. Bf4 e5 18. Be3 Qe7 19. f3 f5 20. exf5 Rxf5
21. b4 e4 22. f4 b5 23. g4 Rf7 24. Bc5 Qd8 25. Bd6 a6 26. f5 Ne8 27. c5 h5 28.
gxh5 Qg5+ 29. Bg3 Nf6 30. a4 Re8 31. axb5 axb5 32. Qd4 e3 33. Rf4 Nxh5 34. Bxh5
Qxh5 35. Re1 Rxf5 36. Rxf5 Qxf5 37. Rxe3 Rxe3 38. Qxe3 Qf7 39. Be5 Qc4 40. Qe1
{both scoresheets illegible... 54 moves} 0-1